| 000 | 00691nam a22002177a 4500 | ||
|---|---|---|---|
| 003 | BUBTL | ||
| 008 | 180730b xxu||||| |||| 00| 0 eng d | ||
| 020 | _a9788131526620 | ||
| 082 | _a658.15/ B7685f/ 2014 | ||
| 100 |
_91948 _aBrigham, Eugene F. |
||
| 245 |
_aFinancial Management : _btheory & Practice / _cEugene F. Brigham, Michael C. Ehrhardt |
||
| 250 | _a14th | ||
| 260 |
_aNew delhi _bCengage Learning _cc2014 |
||
| 300 |
_a[xxxi], 1163p . : _bill. Chart, Table ; 26cm . |
||
| 500 | _aIncludes Index . | ||
| 650 | 0 |
_918 _aFinance |
|
| 700 |
_91949 _aEugene F. Brigham, Michael C. Ehrhardt |
||
| 856 |
_k0 _l0 _yDownload |
||
| 942 |
_2ddc _cBK |
||
| 999 |
_c5760 _d5760 |
||